|
|
|
|
| LEADER |
00993nam a2200253 a 4500 |
| 001 |
GR-MES15737 |
| 008 |
100317s mau 000 0 eng d |
| 020 |
|
|
|a 0618606254
|
| 040 |
|
|
|a GrPaTEI
|b gre
|c GR-PaULI
|
| 040 |
|
|
|a GrPaTEI
|b gre
|c GR-PaULI
|
| 082 |
|
0 |
|a 515
|2 22
|
| 100 |
1 |
|
|a Larson, Ron
|
| 245 |
1 |
0 |
|a Calculus of a single variable :
|b Early transcendental functions /
|c Ron Larson ; Robert Hostetler ; Bruce H. Edwards.
|
| 250 |
|
|
|a 4th ed.
|
| 260 |
|
|
|a Boston :
|b Houghton Mifflin,
|c c2007
|
| 300 |
|
|
|a 760 σ. :
|b εικ. (μερικές έγχρ.) ;
|c 28 εκ.
|
| 500 |
|
|
|a Περιλαμβάνει ευρετήρια.
|
| 650 |
|
0 |
|a Calculus
|
| 700 |
1 |
|
|a Edwards, Bruce H.
|
| 700 |
1 |
|
|a Hostetler, Robert
|
| 942 |
|
|
|2 ddc
|
| 952 |
|
|
|0 0
|1 0
|2 ddc
|4 0
|6 515_000000000000000_LAR
|7 0
|9 273436
|a MSLG
|b MSLG
|c BSC
|d 2021-01-17
|e 24
|f 0
|g 0.00
|l 0
|o 515 LAR
|p 2420000024771
|r 2021-01-17 00:00:00
|t 1
|w 2021-01-17
|y BK15
|x 20100317 0 1
|x GrPaTEI
|
| 971 |
|
|
|a .b25817863
|b 15-04-20
|c 13-09-16
|
| 999 |
|
|
|c 158361
|d 158361
|